01631cam a22003737a 4500003000500000005001700005008004100022010001000063011001000073035001000083040000900093090001000102100003500112245026100147260004100408300000900449502010000458590003700558590004100595590004100636590004100677590004200718650003100760650003600791650003200827650003100859901000700890942000900897949003500906949004000941999001700981952013200998952012701130CHAP20220329134134.0971013s1968 r 00010 d a15991 a16963 a21045 cCHAP aTesis00aGuevara Urbina, Alvaro.951327 0aComparación de rendimientos en beneficio, contenido mineral y prueba de taza de tres variedades de café cultivadas a libre exposiciónb: Coffea arabica L. var. typica (Cramer), Coffea arabica L. var. typica (Cramer) Villalobos y Coffea arabica L. Var aChapingo, Méx., :bEl autor,c1968 a60 h aTesis (Ing. Agr. Esp. en Industrias Agrícolas) -- ENA. Departamento de Industrias Agrícolas aALEPHb10c20130110lUCH01h1238 aBATCH-UPDb10c20130110lUCH01h0854 aBATCH-UPDb10c20130410lUCH01h0525 aBATCH-UPDb10c20130914lUCH01h0810 aCONVERSIONb10c20130109lUCH01h131014aCaféxAnálisis.91708914aCaféxInvestigación.91716114aCaféxRendimiento.91719614aCaféxVariedades.917208 aBK cFOLL bBCcTESd-49102eTS1i21045si bBCcTESd-49103eTS2fc.2i21045si c15991d15991 00102local4053708TESISaBCbBCcPA_TESISd2012-12-17fTESISl0oTesisp-49103r2019-12-31 00:00:00tc.2w2019-12-31yTESIS 00102local4051718TESISaBCbBCcPA_TESISd2012-12-17fTESISl0oTesisp-49102r2019-12-31 00:00:00w2019-12-31yTESIS